The Only Difference Between... - Panic! At The Disco - All Lyrics - Statistics

General Stats
  • This quiz has been taken 43 times
  • The average score is 306 of 337
Answer Stats
Answer % Correct
a
100%
I
100%
Oh,
100%
(Uh-uh
100%
uh-uh)
100%
aim
95%
an
95%
And
95%
and,
95%
and
95%
attention
95%
be
95%
beat
95%
da-da,
95%
da-da
95%
da-da-da
95%
fingers
95%
for
95%
Good,
95%
good,
95%
I'm
95%
it
95%
It
95%
just
95%
La-la-la,
95%
listen
95%
making
95%
No,
95%
now
95%
progress
95%
shake
95%
snap,
95%
snap
95%
so
95%
So
95%
some
95%
still
95%
tap,
95%
tap
95%
the
95%
to
95%
toes
95%
up
95%
up,
95%
we're
95%
you
95%
your
95%
believe
89%
call
89%
Come
89%
desperate
89%
eyes,
89%
eyes
89%
introduction,
89%
is
89%
me
89%
narrator,
89%
narrator
89%
on,
89%
on
89%
proper
89%
Swear
89%
swear
89%
this
89%
young,
89%
boys,
84%
if
84%
need
84%
prologue
84%
see?
84%
Sit
84%
tight,
84%
well
84%
we'll
84%
wives
84%
are
79%
Don't
79%
keep
79%
may
79%
not
79%
pick
79%
seems
79%
studio
79%
these
79%
think
79%
trophy
79%
wait,
79%
wait...
79%
another
74%
artists
74%
back
74%
days
74%
going
74%
make
74%
that
74%
who
74%
announcement
68%
audience,
68%
Dear
68%
I've
68%
page
68%
time
68%
Applause!
53%
No matching quizzes found
Score Distribution
Percent of People with Each Score
Percentile by Number Answered
Your Score History
You have not taken this quiz